00480nam a2200193 a 4500001001300000003000900013005001700022008004100039020001000080082001300090100001800103245003000121260003700151300000800188500003500196505001000231650002700241700001800268nice12345678IN_TiNIC20260116015137.0050524s1964 lona grp 000 0 eng  ac10000a231bWIC aWicker, Brian aGod and Modern Philosophy aLondonbDarton and Longmanc1964 a63p aincludes index and biblioraphy2 aIndex aPhilosophical-Theology1 aWicker, Brian